| 000 | 00514nam a2200241Ia 4500 | ||
|---|---|---|---|
| 008 | 210210b1960 xxu||||| |||| 00| 0 eng d | ||
| 041 | _aeng | ||
| 082 | _a386/90 | ||
| 100 | _a- | ||
| 245 | _aJoint stock compaine in India for 1955-56 part I | ||
| 260 |
_aNasik Road _b- _c1960 |
||
| 300 | _a1127 | ||
| 650 | _astock | ||
| 650 | _apart | ||
| 650 | _aJoint | ||
| 650 | _aIndia | ||
| 650 | _aI | ||
| 650 | _afor | ||
| 650 | _acompaine | ||
| 650 | _a1955-56 | ||
| 690 | _aBusiness | ||
| 906 | _a005642 | ||
| 999 |
_c125678 _d125678 |
||